000 00878nmm a2200313 a 4500
003 AR-BaBNM
005 20251128203518.0
008 285019s1958 ||||||||||||||000 | spa||
040 _cAR-BaBNM
100 1 _aNassif, Ricardo
_d1924-1984
245 1 0 _aPedagogía general
260 _aBuenos Aires
_bKapelusz
_c1958
300 0 _a305 p.
500 0 _aContiene índices de materias y de autores citados
650 4 _aPEDAGOGIA EXPERIMENTAL
650 4 _aPROCESO DE APRENDIZAJE
650 4 _aEPISTEMOLOGIA
650 4 _aCIENCIAS DE LA EDUCACION
650 4 _aTEORIAS DE LA EDUCACION
650 4 _aTECNICAS DE ENSENANZA
650 4 _aANTROPOLOGIA DE LA EDUCACION
650 4 _aDOCENTES
650 4 _aALUMNOS
650 4 _aRELACION ALUMNO-DOCENTE
650 4 _aPAPEL DE LA COMUNIDAD
650 4 _aRELACION ESCUELA-COMUNIDAD
942 _cBK
998 _cCarmen
999 _c3717
_d3717